00505nam a22001697a 450000500170000001000150001702000260003203500140005803700130007208200100008510000160009524501010011125000130021226000490022527000330027430000280030720230421101837.0 aENG-136747 a9789352830718c250.00 aEN-120279 bDBAD/PUB a658.4 aGupta, C.B. aManagement process and organisational behaviour/cC.B. Guptabnine milestones on the hero path / a1st. ed. aNew DelhibS Chand and company limitedc2018 aRam NagarbNew Delhie110055 a230p.:c24cm (pbk)bill